Vínculos/ (Record no. 3941)

MARC details
000 -LEADER
campo de control de longitud fija 01340nam a22003497a 4500
003 - IDENTIFICADOR DE NÚMERO DE CONTROL
campo de control OSt
005 - FECHA Y HORA DE LA ÚLTIMA TRANSACCIÓN
campo de control 20230628084425.0
008 - DATOS DE LONGITUD FIJA--INFORMACIÓN GENERAL
campo de control de longitud fija 221006b |||||||| |||| 00| 0 eng d
040 ## - FUENTE DE CATALOGACIÓN
Centro/agencia transcriptor Biblioteca Lado V
082 ## - NÚMERO DE LA CLASIFICACIÓN DECIMAL DEWEY
Número de clasificación 301
Número de ítem V5v
100 ## - ENTRADA PRINCIPAL--NOMBRE DE PERSONA
9 (RLIN) 857
Nombre de persona Vazquez L., Ricardo
Término indicativo de función/relación editor
245 ## - MENCIÓN DEL TÍTULO
Título Vínculos/
Resto del título Revista de Antropología del Museo Nacional de Costa Rica/
260 ## - PUBLICACIÓN, DISTRIBUCIÓN, ETC.
Lugar de publicación, distribución, etc. Costa Rica
Fecha de publicación, distribución, etc. 1999
Nombre del editor, distribuidor, etc. Museo Nacional de Costa Rica
300 ## - DESCRIPCIÓN FÍSICA
Dimensiones 18x25cm
Extensión 151p.
366 ## - INFORMACIÓN SOBRE DISPONIBILIDAD COMERCIAL
Nota spa
490 ## - MENCIÓN DE SERIE
Mención de serie 1-2
Designación de volumen o secuencia 24
Número Internacional Normalizado para Publicaciones Seriadas 0304-3703
505 ## - NOTA DE CONTENIDO CON FORMATO
Título POLITICA EDITORIAL
505 ## - NOTA DE CONTENIDO CON FORMATO
Título EVALUACION
505 ## - NOTA DE CONTENIDO CON FORMATO
Título RESPONSABILIDAD DEL AUTOR
505 ## - NOTA DE CONTENIDO CON FORMATO
Título ENTREGA DE MANUSCRITOS
505 ## - NOTA DE CONTENIDO CON FORMATO
Título AGRADECIMIENTOS O NOTAS
505 ## - NOTA DE CONTENIDO CON FORMATO
Título REFERENCIAS BIBLIOGRAFICAS
Nota de contenido con formato Citas en el texto<br/><br/>libro en la literatura citada<br/><br/>Libro colegiado<br/><br/>Articulo de revista en la literatura citada
505 ## - NOTA DE CONTENIDO CON FORMATO
Título ILUSTRACIONES
505 ## - NOTA DE CONTENIDO CON FORMATO
Título CUADROS
650 ## - PUNTO DE ACCESO ADICIONAL DE MATERIA--TÉRMINO DE MATERIA
Fuente del encabezamiento o término Tesauro de Arte & Arquitectura
Término de materia o nombre geográfico como elemento de entrada ANTROPOLOGIA
9 (RLIN) 703
650 ## - PUNTO DE ACCESO ADICIONAL DE MATERIA--TÉRMINO DE MATERIA
Fuente del encabezamiento o término Tesauro de Arte & Arquitectura
Término de materia o nombre geográfico como elemento de entrada INVESTIGACION
9 (RLIN) 702
650 ## - PUNTO DE ACCESO ADICIONAL DE MATERIA--TÉRMINO DE MATERIA
Fuente del encabezamiento o término Tesauro de Arte & Arquitectura
Término de materia o nombre geográfico como elemento de entrada AMERICA CENTRAL
9 (RLIN) 702
650 ## - PUNTO DE ACCESO ADICIONAL DE MATERIA--TÉRMINO DE MATERIA
Fuente del encabezamiento o término Tesauro de Arte & Arquitectura
Término de materia o nombre geográfico como elemento de entrada PUBLICACIONES PERIODICAS
651 ## - PUNTO DE ACCESO ADICIONAL DE MATERIA--NOMBRE GEOGRÁFICO
Fuente del encabezamiento o término Tesauro de Arte & Arquitectura
Nombre geográfico COSTA RICA
700 ## - ENTRADA AGREGADA--NOMBRE PERSONAL
Nombre de persona Navarreta, Jose Antonio
Término indicativo de función/relación editor
942 ## - ELEMENTOS DE ENTRADA SECUNDARIOS (KOHA)
Fuente del sistema de clasificación o colocación Clasificación Decimal Dewey
Tipo de ítem Koha Libros
Parte de la signatura que corresponde a la clasificación (Parte de la clasificación) 301
Parte de la signatura que identifica el ejemplar (Parte del ítem) V5v
Suprimir en OPAC No
Holdings
Estatus retirado Estado de pérdida Fuente del sistema de clasificación o colocación Especificación de materiales (volumen encuadernado u otra parte) Estado de daño No para préstamo Colección Biblioteca de origen Biblioteca actual Fecha de adquisición Enumeración/cronología de publicación seriada Número de inventario Total de préstamos Signatura topográfica completa Código de barras Visto por última vez Precio de reemplazo Tipo de ítem Koha
    Clasificación Decimal Dewey 24     Revistas Biblioteca LadoV Biblioteca LadoV 28/06/2023 1-2 003790   301 V5v 003790 28/06/2023 28/06/2023 Libros